000 00499nam a2200169 i 4500
001 bg
100 1 _aGRAJEWSKI, Ireneusz
245 0 _aMały leksykon morski /
_cIreneusz Grajewski, Józef Wócicki.
260 _a[Warszawa] :
_bWydawn. Min. Obr. Nar.,
_c[1981].
300 _as. 317, nlb. 3 :
_brys., ilustr., tabl. [w tym] nlb. kolor. 4.
700 1 _aWÓJCIKI, Józef
040 _cBPK
041 _apol
080 _a338.4 26(03)
942 _cKS
008 s pl f |000 0 pol
999 _c19903
_d19903
856 _uhttp://koha.tu.koszalin.pl/cgi-bin/koha/opac-detail.pl?biblionumber=19903
_yKatalog online BPK